00764nai a2200181Ia 4500003000900000008004100009022002200050022002300072040001600095245008800111260008600199310001200285362002600297521006900323650005100392650004600443856009300489IN-BaIIA211028c9999 xx s 000 0 eng d a2156-3950 (Print) a2156-3985 (Online) cIIA Library 0aIEEE Transactions on Components, Packaging and Manufacturing Technologyh[eJournal] aNew York, USAbThe Institute of Electrical and Electronics Engineers, Inc. (IEEE) aMonthly a1(1); 2011 - Present  bSubscribed through National Knowledge Resource Consortium (NKRC) a Engineered Materials, Dielectrics and Plasmas aComponents, Circuits, Devices and Systems uhttps://ieeexplore.ieee.org/servlet/opac?punumber=5503870yClick Here to Access eJournal